Open Data Biblioteca Nacional de Portugal


República Portuguesa: Ministério da Cultura
Biblioteca Nacional de Portugal

Catálogo da BNP: acesso por Identificadores Unívocos
Registos Bibliográficos associados ao registo de autoridade

Etiqueta de registo: 00254nam 2200025 450
001 2284664
003 http://id.bnportugal.gov.pt/bib/catbnp/2284664
100 ## $a20260417d1651 m y0pory01030103ba
101 0# $alat
102 ## $aIT
105 ## $aa z 000yy
106 ## $ar
200 1# $aIsidori Archiepiscopi Thessalonicensis Mariale. Quo eiusdem Isidori de Maria Deipara Virgine Praeclara Monumenta, ex Graeco M. S. Codice Bibliothecae Vaticanae eruta, Latinè reddita, Notisque illustrata$enunc primò legentium oculis exhibentur$fstudio, ac labore P. Hippolyti Marraccii Lucensis...
210 #9 $aRomae$ctypis Dominici Manelphij,$d1651
215 ## $a[24], 246 [i.e. 250], [22] p.$d8º (17 cm)
306 ## $aNo cólofon: "Romae : ex typographia Dominici Manelphij, 1651"
307 ## $aRetrato calcogr. do autor a anteceder a f. de rosto
307 ## $aErros de pagin.: repetida a numeração das p. 157-160; p. 245 numerada 145
307 ## $aAssin.: a//12, A-R//8
312 ## $aTít. no anterrosto: Mariale Isidori Archiepiscopi Thessalonicensis
316 ## $aEnc. em pergaminho. - Exemplar em mau estado$5PTBN: R. 1762//1 P.
317 ## $aPert. na f. de rosto: "Livraria de Alcobaça" (carimbo)$5PTBN: R. 1762//1 P.
321 ## $aICCU IT\ICCU\BVEE\050842
500 10 $aMariale, quo eiusdem Isidori de Maria Deipara Virgine praeclara monumenta
517 1# $aMariale Isidori Archiepiscopi Thessalonicensis
620 ## $dRoma
700 #1 $aIsidorus Kiovensis,$f1380-1463$31996155
702 #1 $aMarracci,$bIppolito,$f1604-1675,$cC.R.$4340$31996157
702 #1 $aManelfi,$bDomenico,$ffl. 1649$4610$31651879
712 02 $aOrdem de Cister.$bMosteiro de Santa Maria$c(Alcobaça)$4390$38402
801 #0 $aPT$bBN$gRPC
856 40 $2Cópia digital disponível em Google Books$uhttps://books.google.pt/books?id=IeD8pKKKJoEC&hl=pt-PT&pg=PP5#v=onepage&q&f=false
966 ## $lBN$mFGMON$sR. 1762//1 P.
971 ## $cpmesqui$d20260417
997 ## $aBIBEOD

OpendataBNP@bnportugal.pt | Mais informação sobre acesso aos dados BNP